000 01643nam a2200253Ia 4500
003 PE SENCICO BE
005 20251020182434.0
008 200515s9999 xx 000 0 und d
020 _a958-41-0185-4
040 _aPE SENCICO BE
_cPE SENCICO BE
041 _aspa
082 _a371.33
_bP77
100 1 _aPoole, Bernard J.
_92711
_eautor
245 1 0 _aCómo desarrollar una práctica docente competitiva :
_btecnología educativa /
_cBernard J. Poole
250 _a2a ed.
260 _aBogotá :
_bMcGraw-Hill ;
_c2003
300 _a390 p. :
_bil. ;
_c16 x 23 cm.
490 _aDocente del Siglo XXI
505 0 _aLo que las investigaciones dicen sobre el uso de la tecnologia informática para la enseñanza y el aprendizaje -- El hardware informático para entornos educativos -- El software informático para microordenadores -- Los entornos informáticos educativos -- Le enseñanza gestionada por ordenador -- La enseñanza asistida por ordenador -- Los ordenadores y las comunicaciones -- La educación lineal. La enseñanza a distancia e Internet -- La educación multimedia -- la creación de aplicaciones informáticas para entornos educativos -- La financiación de proyectos -- Educación informática y sociedad -- Ética e informática: la invasión de la intimidad y las desigualdades asociados al uso de los ordenadores -- El delito informático: piratería de software -- Algunas reflexiones sobre la educación para la era de la información
650 1 0 _aTecnología educativa
_91741
650 2 0 _aEnseñanza asistida por computadora
_92712
650 2 0 _aTecnología de la información
_91088
942 _cLIB
_2ddc
999 _c342
_d342